000 00368nam a2200157Ia 4500
005 20250325065433.0
008 240331s9999 xx 000 0 und d
020 _a9344080021
082 _bSHU
_a894
100 _aShuinmughom, A
245 0 _aAyvumuraiyiyal
260 _aThanjavur
_bAnnam
_c2005
300 _a199 p .,
500 _aResearch methodology
942 _cL
999 _c3883
_d3883